La desmodernidad mexicana: y las alternativas a la violencia y a la exclusión en nuestros días /
Guardado en:
| Autor principal: | |
|---|---|
| Formato: | Desconocido |
| Lenguaje: | Spanish |
| Publicado: |
México, D.F.:
Oceáno,
2005
|
| Edición: | 1. edición |
| Colección: | Con una cierta mirada
|
| Materias: | |
| Etiquetas: |
Agregar Etiqueta
Sin Etiquetas, Sea el primero en etiquetar este registro!
|
MARC
| LEADER | 000000000a22000000004500 | ||
|---|---|---|---|
| 001 | 001156 | ||
| 008 | 170623s2005 mx ||||| |||| 00| 0 spa d | ||
| 020 | |a 9707770252 | ||
| 041 | 0 | |a español | |
| 082 | |a 361.6 |b Z58d | ||
| 100 | 1 | |a Zermeño, Sergio | |
| 245 | 1 | 3 | |a La desmodernidad mexicana: |b y las alternativas a la violencia y a la exclusión en nuestros días / |c Sergio Zermeño |
| 250 | |a 1. edición | ||
| 260 | |a México, D.F.: |b Oceáno, |c 2005 | ||
| 300 | |a 361 páginas | ||
| 490 | 1 | |a Con una cierta mirada | |
| 500 | |a Número de inscripción 1475 (Colección George Yúdice) | ||
| 650 | 4 | |a CAMBIO SOCIAL - MEXICO | |
| 650 | 4 | |a ESTRUCTURA SOCIAL | |
| 650 | 4 | |a MARGINALIDAD SOCIAL | |
| 650 | 4 | |a MEXICO - CONDICIONES ECONOMICAS | |
| 942 | |2 ddc |c BK | ||
| 999 | |c 2239 |d 2239 | ||



